000 00393nam a22001457a 4500
005 20240130111808.0
008 240130b |||||||| |||| 00| 0 eng d
020 _a81-86775-22-6
041 _aeng
100 _aKIYOSAKI, ROBERT T.
_92931
245 _aTHE BUSINESS SCHOOL FOR PEOPLE WHO LIKE HELPING PEOPLE
260 _aBHOPAL
_bMANJUL PUBLISHING HOUSE
_c2001
300 _a120;P
942 _cBK
999 _c8498
_d8496